000 01942nam0a2200337 4500
001 RU\NLR\bibl\818973
005 20260405075524.0
010 _a5-7017-0729-6
_9500
021 _aRU
_b2005-31234
_91565
035 _a(NLR Aleph) 000807897
090 _a1222540
_c1222540
100 _a20050712d2004 |||y0rusy50 ca
101 0 _arus
_ager
102 _aRU
105 _ay |||||||||
200 1 _aФразеология современного немецкого языка
_e(учебное пособие по спецкурсу с упражнениями)
_eдля студентов лингвистических университетов и факультетов иностранных языков высших педагогических учебных заведений
_fА.Е. Гусева
_g[М-во образования и науки РФ, Моск. гос. обл. ун-т, Ин-т лингвистики и межкультур. коммуникации]
210 _aМосква
_cИзд-во МГОУ
_d2004
215 _a101 с.
_d20
225 1 _aВысшее образование
300 _aНа обл.: Phraseologie der deutschen Gegenwartssprache in Theorie und Übungen / A.E. Gusseva
320 _aБиблиогр.: с. 98-99 (15 назв.)
512 1 _6z12790
_aPhraseologie der deutschen Gegenwartssprache in Theorie und Übungen
606 1 _aНемецкий язык
_jУчебные издания для высших учебных заведений
_xФразеология
_91749542
_3RU\NLR\auth\66783622
686 _aШ143.24-93рус3-33
700 1 _4070
_8rus
_7ca
_aГусева
_bА. Е.
_cфилолог
_gАлла Ефимовна
_3RU\NLR\auth\7727029
_910066
790 1 _4070
_8rus
_7ba
_aGuseva
_bA. E.
_cфилолог
_gAlla Efimovna
_3RU\NLR\auth\7727030
_910067
801 0 _aRU
_bNLR
_c20050712
_gPSBO
801 1 _aRU
_bNLR
_c20050712
942 _cBOOK
980 _aNB